000
00275nam a2200109Ia 4500
008
200302s9999 xx 000 0 und d
100
_a
Simon Dresner
245
_a
The Principles of Sustainability
260
_b
Earthscan Publications Ltd.
260
_c
2003
300
_a
200 P.,
999
_c
5705
_d
5705